Statistics for Highest-Rated FIFA Video Game Players

Click here to take the quiz!

General Stats

  • This quiz has been taken 56,266 times
    (4,619 since last reset)
  • The average score is 14 of 22

Answer Stats

YearsPlayer% Correct
2018, 2019, 2020, 2021Cristiano Ronaldo
100%
2018, 2019, 2020, 2021Lionel Messi
100%
2018, 2019, 2020, 2021Neymar
92%
2021Kylian Mbappé
83%
2018, 2019, 2021Robert Lewandowski
78%
2020, 2021Mohamed Salah
77%
2019, 2020, 2021Kevin De Bruyne
74%
2020, 2021Virgil Van Dijk
72%
2021Sadio Mané
71%
2018, 2019Manuel Neuer
70%
2018, 2019Sergio Ramos
68%
2018, 2019Luis Suárez
68%
2019, 2020Luka Modrić
63%
2018, 2019, 2020Eden Hazard
60%
2019, 2020, 2021Jan Oblak
57%
2020, 2021Marc-André ter
Stegen
50%
2021Alisson
48%
2018, 2019David de Gea
47%
2018, 2019Toni Kroos
47%
2019Thibaut Courtois
36%
2018Gonzalo Higuaín
20%
2019Diego Godín
14%

Score Distribution

Percentile by Number Answered

Percent of People with Each Score

Your Score History

You have not taken this quiz since the last reset